| 000 | 00969cab a2200229 4500 | ||
|---|---|---|---|
| 001 | WB2813-33 | ||
| 008 | 090401t1992 xxu||||| |||| 00| 0 eng d | ||
| 035 | _a(Sirsi) u63936 | ||
| 041 | _aeng | ||
| 245 | _aDeclaration of trust | ||
| 260 | _c1992 | ||
| 350 | _a0 | ||
| 490 |
_aEstates Gazette Case Summaries _v(1992) EGCS 38(2) (21/3/92) |
||
| 520 | _aHuntingdon v Hobbs CA 10 March 1992. A declaration, in the transfer of a property to joint owners, that the survivor could give a valid receipt for capital money arising on disposition of the land, was held not to constitute a declaration of trust. The beneficial interests in the property were determined in proportion to the contributions from each party for the purchase of the property. | ||
| 650 | _aBENEFICIAL INTEREST | ||
| 650 | _aDECLARATION OF TRUST | ||
| 650 | _aHOUSE PURCHASE | ||
| 650 | _aJOINT OWNERS | ||
| 690 | _aPROPERTY LAW AND PRACTICE-CASE LAW | ||
| 942 | _n0 | ||
| 948 | _c04/03/1997 | ||
| 999 |
_c39785 _d39785 |
||